<A> DSGE model of Slovakia with frictional labor market and monetary regime switch

Analýza dynamických a štrukturálnych charakteristík Slovenska pomocou modelu DSGE (dynamický stochastický model všeobecnej rovnováhy) rozšíreného o mechanizmy vyhľadávania a zhody a iné formy trenia, tiež o prepínač menového režimu (od roku 2009). Rigidity na trhu práce. Dlhodobý vplyv recesie v rok...

Descrizione completa

Salvato in:
Dettagli Bibliografici
Autore principale: Pápai, Adam
Natura: Capitolo di libro
Lingua:inglese
Soggetti:
Tags: Aggiungi Tag
Nessun Tag, puoi essere il primo ad aggiungerne!!

MARC

LEADER 00000naa a2200000 4500
001 0236656
005 20221104111921.0
041 0 |a eng 
044 |a CZ 
245 1 0 |a <A> DSGE model of Slovakia with frictional labor market and monetary regime switch  |c Adam Pápai 
520 |a Analýza dynamických a štrukturálnych charakteristík Slovenska pomocou modelu DSGE (dynamický stochastický model všeobecnej rovnováhy) rozšíreného o mechanizmy vyhľadávania a zhody a iné formy trenia, tiež o prepínač menového režimu (od roku 2009). Rigidity na trhu práce. Dlhodobý vplyv recesie v roku 2009 na slovenskú ekonomiku. 
610 2 0 |a modelovanie ekonometrické 
610 2 0 |a modely 
610 2 0 |a modely DSGE 
610 2 0 |a Slovensko 
610 2 0 |a hospodárstvo otvorené 
610 2 0 |a trh práce 
610 2 0 |a nezamestnanosť 
610 2 0 |a mena 
610 2 0 |a recesia 
100 1 |a Pápai, Adam